01057nam a2200229Ia 4500008004100000020001800041022001500059040001300074082001600087100002500103245014200128260004000270300002600310500008200336650006600418650006000484650006700544650008900611650004500700650001900745710006300764191130s2002##################000#0#eng## a9783110175592 a2009504407 aACLcACL a229.406 VON aEgger-Wenzel, Renate aBen Sira's God : proceedings of the international Ben Sira conference, Durham, Upshaw college 2001cherausgegeben von Renate Egger-Wenzel aBerlin ; New YorkbDe Gruyterc2002 aviii, 393 p. ; 24 cm. aIncludes bibliographical references and index. Articles in English and German aBen-Sira, Simeon ben Jesus, 2e siècle av. J.-C. - Congrès aBen-Sira, Simeon ben Jesus, 2nd cent. B.C. - Congresses aBible. A.T. Ecclésiastique - Critique, interprétation, etc aBible. O.T. Apocrypha. Ecclesiasticus - Criticism, interpretation, etc. - Congresses aDieu - Enseignement biblique - Congrès aDieu - Sagesse aInternational Ben Sira Conference (2001 : Durham, England)